000 00298nam a22001217a 4500
003 SGT
082 _a617.7
_bT16M
100 _aMATTHEWS, ANNETTC M.
245 _aTREATING COMORBID OPIOID USE DISORDER IN CHRONIC PAIN
260 _aSWITZERLAND
_bSPRINGER
_c2016
300 _a237
942 _2ddc
_cBK
999 _c14857
_d14857